Library Banner

(تذکرہ زندان)Tazkirah zandaan (Urdu) / (Record no. 44623)

MARC details
000 -LEADER
fixed length control field 00589nam a2200193Ia 4500
001 - CONTROL NUMBER
control field 46674
005 - DATE AND TIME OF LATEST TRANSACTION
control field 20231128104425.0
008 - FIXED-LENGTH DATA ELEMENTS--GENERAL INFORMATION
fixed length control field 140429s9999 xx 000 0 und d
020 ## - INTERNATIONAL STANDARD BOOK NUMBER
International Standard Book Number NA
040 ## - CATALOGING SOURCE
Transcribing agency PK-LaUMT
082 ## - DEWEY DECIMAL CLASSIFICATION NUMBER
Classification number RHC 365.6092
Item number KHU-T
100 ## - MAIN ENTRY--PERSONAL NAME
Personal name Khursheed Ahmad
245 ## - TITLE STATEMENT
Title (تذکرہ زندان)Tazkirah zandaan (Urdu) /
Statement of responsibility, etc (خورشید احمد)Khursheed Ahmad
260 ## - PUBLICATION, DISTRIBUTION, ETC. (IMPRINT)
Place of publication, distribution, etc (کراچی، پاکستان)Karachi,Pakistan:
Name of publisher, distributor, etc (مکتبہ چراغ راہ)Maktaba Chiragh-e-Rah,
Date of publication, distribution, etc 1965
300 ## - PHYSICAL DESCRIPTION
Extent 368 p.
546 ## - LANGUAGE NOTE
Language note UR
650 ## - SUBJECT ADDED ENTRY--TOPICAL TERM
Topical term or geographic name as entry element Political prisoner
942 ## - ADDED ENTRY ELEMENTS (KOHA)
Koha item type Books
Holdings
Withdrawn status Lost status Damaged status Home library Current library Date acquired Full call number Barcode Date last seen Price effective from Koha item type
      UMT Main Campus UMT Main Campus 2014-04-29 RHC 365.6092 KHU-T 55688 2014-05-06 2014-05-06 Books
      UMT Main Campus UMT Main Campus 2014-06-27 RHC 365.6092 KHU-T 78416 2014-06-27 2014-06-27 Books
      UMT Main Campus UMT Main Campus 2014-06-27 RHC 365.6092 KHU-T 78417 2014-06-27 2014-06-27 Books
      UMT Main Campus UMT Main Campus 2014-06-27 RHC 365.6092 KHU-T 78418 2019-10-07 2014-06-27 Books